|
|
|
|
| LEADER |
01300nam a2200265 a 4500 |
| 001 |
GR-Antirio645 |
| 008 |
090310s1998 gr b 001 0 gre d |
| 020 |
|
|
|a 0125507216
|
| 040 |
|
|
|a GrPaTEI
|b gre
|c GR-PaULI
|
| 040 |
|
|
|a GrPaTEI
|b gre
|c GR-PaULI
|
| 040 |
|
|
|a GrPaTEI
|b gre
|c GR-PaULI
|
| 082 |
|
0 |
|a 621.382
|2 21
|
| 100 |
0 |
|
|a Perez, Reinaldo
|
| 245 |
1 |
0 |
|a Wireless communications design handbook :
|b aspects of noise, interference, and environmental concerns /
|c Perez, Reinaldo.
|
| 250 |
|
|
|b vol. 1
|
| 260 |
|
|
|a San Diego :
|b Academic Press,
|c c 1998
|
| 300 |
|
|
|a xviii. , 302 σ. :
|b εικ. ;
|c 24 εκ.
|
| 504 |
|
|
|a Περιλαμβάνει βιβλιογραφίες και ευρετήριο.
|
| 650 |
|
0 |
|a ELECTROMAGNETIC INTERFERENCE
|
| 650 |
1 |
0 |
|a Wireless communication systems
|
| 942 |
|
|
|2 ddc
|
| 952 |
|
|
|0 0
|1 0
|2 ddc
|4 0
|6 621_382000000000000_PER
|7 0
|9 261866
|a LISK-2
|b LISK-2
|c BSC
|d 2021-01-17
|e 24
|f 0
|g 0.00
|l 0
|o 621.382 PER
|p 2430000006813
|r 2021-01-17 00:00:00
|t 1
|w 2021-01-17
|y BK15
|x 20090310 0 1
|x GrPaTEI - Antirrio
|
| 952 |
|
|
|0 0
|1 0
|2 ddc
|4 0
|6 621_382000000000000_PER
|7 0
|9 261867
|a LISK-2
|b LISK-2
|c BSC
|d 2021-01-17
|e 24
|f 0
|g 0.00
|l 0
|o 621.382 PER
|p 2430000006814
|r 2021-01-17 00:00:00
|t 1
|w 2021-01-17
|y BK15
|x 20090310 0 1
|x GrPaTEI - Antirrio
|
| 971 |
|
|
|a .b25704448
|b 01-10-20
|c 12-09-16
|
| 999 |
|
|
|c 151096
|d 151096
|